Normal view
MARC view
- Electronic Engineering
Entry Topical Term
001 - CONTROL NUMBER
- control field: 124994
003 - CONTROL NUMBER IDENTIFIER
- control field: NUST
005 - DATE AND TIME OF LATEST TRANSACTION
- control field: 20240805094428.0
008 - FIXED-LENGTH DATA ELEMENTS
- fixed length control field: 240805|| aca||aabn | a|a d
040 ## - CATALOGING SOURCE
- Original cataloging agency: NUST
- Transcribing agency: NUST
150 ## - HEADING--TOPICAL TERM
- Topical term or geographic name entry element: Electronic Engineering
- General subdivision: EL
670 ## - SOURCE DATA FOUND
- Source citation: Work cat.: (NUST): Sinclair, Ian R. 58512, Electronic power supply handbook /, -
